Phát triển đội ngũ giáo viên THPT đáp ứng chuẩn nghề nghiệp ở huyện đảo Phú Quốc, tỉnh Kiên Giang Luận văn thạc sĩ khoa học giáo dục. Chuyên ngành: Quản lý giáo dục. Mã số: 8.14.01.14

保存先:
書誌詳細
第一著者: Nguyễn, Ngọc Toàn
その他の著者: Nguyễn Văn Đệ (Hướng dẫn)
フォーマット: キット 図書
言語:Vietnamese
出版事項: Đồng Tháp Đại học Đồng Tháp 2018
主題:
タグ: タグ追加
タグなし, このレコードへの初めてのタグを付けませんか!
Thư viện lưu trữ: Trung tâm Học liệu Lê Vũ Hùng, Trường Đại học Đồng Tháp
LEADER 01214ppm a22002538a 4500
001 00042179
005 20180821140827.0
008 151112s2015 ||||||viesd
041 0 # |a vie 
082 1 4 |b PH110TR  |a 373.11 
100 1 # |a Nguyễn, Ngọc Toàn 
245 0 0 |a Phát triển đội ngũ giáo viên THPT đáp ứng chuẩn nghề nghiệp ở huyện đảo Phú Quốc, tỉnh Kiên Giang  |b Luận văn thạc sĩ khoa học giáo dục. Chuyên ngành: Quản lý giáo dục. Mã số: 8.14.01.14  |c Nguyễn Ngọc Toàn; Nguyễn Văn Đệ (hướng dẫn) 
260 # # |a Đồng Tháp  |b Đại học Đồng Tháp  |c 2018 
300 # # |a 135 tr. +phụ lục  |c 30 cm.  |e 1 bản tóm tắt 
500 # # |a ĐTTS ghi: Bộ giáo dục và đào tạo. Trường Đại học Đồng Tháp 
653 # # |a Chuẩn nghề nghiệp 
653 # # |a THPT 
653 # # |a Luận văn 
653 # # |a Giáo viên 
653 # # |a Kiên Giang 
700 1 # |a Nguyễn Văn Đệ  |e Hướng dẫn 
852 # # |j LV.0002352 
910 |d 21/08/2018 
980 # # |a Trung tâm Học liệu Lê Vũ Hùng, Trường Đại học Đồng Tháp